[Event "12th Open"]
[Site "Malaga ESP"]
[Date "2009.07.13"]
[Round "4"]
[White "Bolle,L"]
[Black "Cruz Alvarez de Ron,D"]
[Result "0-1"]
[WhiteElo "1963"]
[BlackElo "2284"]

1.e4 g6 2.d4 Bg7 3.Nc3 d6 4.Bg5 Nd7 5.Qd2 a6 6.a4 b6 7.Bc4 Bb7 8.Nge2 h6
9.Be3 e6 10.O-O Ne7 11.Rad1 Nf6 12.f3 d5 13.Bd3 dxe4 14.Nxe4 Nf5 15.Nxf6+ Qxf6
16.Bxf5 Qxf5 17.Ng3 Qd5 18.b3 Rd8 19.Rfe1 O-O 20.c4 Qd7 21.Ne4 Kh7 22.Kh1 Qe7
23.Qc2 Rd7 24.Rd2 Rfd8 25.Red1 Kg8 26.Kg1 f5 27.Nc3 Qf6 28.Ne2 g5 29.c5 bxc5
30.dxc5 Rxd2 31.Rxd2 Rxd2 32.Qxd2 Kh7 33.Qd7 Bd5 34.Bd4 e5 35.Bc3 Bxb3 36.Qxc7 f4
37.a5 Bc4 38.Kf2 Qf5 39.Qd6 Qc2 40.Qd2 Qxd2 41.Bxd2 Bf8 42.Bb4 Kg6 43.Nc3 Kf5
44.Ne4 Ke6 45.g3 Bd3 46.Nc3 Be7 47.Ke1 fxg3 48.hxg3 h5 49.Kf2 Bg6 50.Ke3 Be8
51.Ne4 h4 52.gxh4 gxh4 53.f4 h3 54.Nf2 h2 55.fxe5 Bh4  0-1

[Event "Open"]
[Site "Condom FRA"]
[Date "2009.07.14"]
[Round "5"]
[White "Gertosio,F"]
[Black "Sanchez,N"]
[Result "1-0"]
[WhiteElo "2038"]
[BlackElo "2205"]

1.e4 g6 2.d4 Bg7 3.Nc3 d6 4.Be3 a6 5.f4 b5 6.Bd3 Bb7 7.Nf3 Nd7 8.e5 e6 9.a4 b4
10.Ne4 Nb6 11.Qd2 Nd5 12.Bf2 Bh6 13.Nfg5 f6 14.exf6 Ngxf6 15.O-O O-O 16.Nxe6 Qe7
17.N4g5 Rfe8 18.Rae1 Qd7 19.f5 Qc6 20.Bh4 gxf5 21.Bxf5 Re7 22.Qf2 Kh8 23.Be4 Nxe4
24.Rxe4 Rg8 25.Nf7+ Rxf7 26.Qxf7 Qxc2 27.Bf6+ Nxf6 28.Qxf6+ Bg7 29.Nxg7  1-0

[Event "IM"]
[Site "Condom FRA"]
[Date "2009.07.14"]
[Round "5"]
[White "Delorme,Ax"]
[Black "Decoster,F"]
[Result "1-0"]
[WhiteElo "2434"]
[BlackElo "2285"]

1.e4 g6 2.d4 Bg7 3.Nc3 d6 4.Be3 a6 5.h4 b5 6.h5 Bb7 7.h6 Bf6 8.Nd5 Nd7 9.Nxf6+ Ngxf6
10.f3 O-O 11.Nh3 Nb6 12.Ng5 d5 13.e5 Ne8 14.b3 c6 15.f4 Bc8 16.Bd3 e6 17.g4 f5
18.Qf3 Nc7 19.O-O Bd7 20.Kh2 Nc8 21.Bd2 a5 22.a4 b4 23.c3 bxc3 24.Bxc3 Ne7
25.Rg1 Na6 26.Qg3 Nb4 27.Bxb4 axb4 28.Rg2 Qb6 29.Qe3 fxg4 30.Rxg4 Nf5 31.Bxf5 Rxf5
32.Kg3 Qd8 33.Rc1 Ra5 34.Qd2 Qb6 35.Qe3 Qd8 36.Qd3 Qb6 37.Nf3 c5 38.dxc5 Rxc5
39.Qd4 Rc6 40.Rxc6 Qxc6 41.Qxb4 Rf7 42.Ng5 Qc1 43.Nxf7 Qg1+ 44.Kf3 Qd1+ 45.Ke3 Kxf7
46.Rg2 Bc6 47.Rd2 Qe1+ 48.Kd3 g5 49.fxg5 Qb1+ 50.Ke2 d4 51.Qxd4 Qxb3 52.Qf4+ Ke8
53.Qe3 Qc4+ 54.Kf2 Qxa4 55.Qd4 Qa8 56.Qd8+  1-0

[Event "1st Artemis Cup"]
[Site "Leros GRE"]
[Date "2009.07.14"]
[Round "4"]
[White "Gelashvili,T"]
[Black "Kourkounakis,I"]
[Result "1-0"]
[WhiteElo "2605"]
[BlackElo "2378"]

1.d4 g6 2.e4 Bg7 3.Nc3 d6 4.Bg5 Nf6 5.f4 c5 6.d5 h6 7.Bh4 Qa5 8.Qd2 Nh5 9.Bb5+ Bd7
10.Bxd7+ Nxd7 11.Nge2 Nxf4 12.Qxf4 g5 13.Qf5 gxh4 14.O-O Bf6 15.e5 Nxe5 16.Ne4 Bg5
17.Nf4 Bxf4 18.Rxf4 Kd8 19.Nc3 Rg8 20.Re1 Rg5 21.Qh3 Kc7 22.Rxf7 Rag8 23.Rxe7+ Kb8
24.Re2 Qb4 25.Qe6 R8g6 26.Re8+ Kc7 27.Qe7+ Kb6 28.Rd8 c4 29.a3 Qc5+ 30.Kh1 Rf5
31.Rf8 Rxf8 32.Qxf8 Qd4 33.h3 Ka6 34.Qe8 Qb6 35.Rxe5 dxe5 36.Qa4+ Qa5 37.Qxc4+ b5
38.Qc8+ Kb6 39.Qe8  1-0

[Event "Open"]
[Site "Rethymno GRE"]
[Date "2009.07.14"]
[Round "4"]
[White "Souleidis,G"]
[Black "Arun,Ka"]
[Result "1/2-1/2"]
[WhiteElo "2435"]
[BlackElo "2291"]

1.e4 d6 2.d4 g6 3.Nc3 Bg7 4.Nf3 a6 5.a4 b6 6.Be2 Bb7 7.O-O Nf6 8.e5 dxe5
9.Nxe5 O-O 10.Bf3 Qc8 11.Qe2 e6 12.Bf4 Nfd7 13.Rad1 Nxe5 14.dxe5 Nc6 15.Rd2 Rd8
16.Rfd1 Rxd2 17.Rxd2 Qe8 18.Ne4 Nxe5 19.Nf6+ Bxf6 20.Bxb7 Rd8 21.Rxd8 Qxd8
22.Bxa6 Qd4  1/2-1/2

[Event "6th South Wales Int"]
[Site "Treforest WLS"]
[Date "2009.07.14"]
[Round "5"]
[White "Josse,Mar"]
[Black "Rudd,J"]
[Result "0-1"]
[WhiteElo "2045"]
[BlackElo "2326"]

1.e4 d6 2.d4 g6 3.Nc3 Bg7 4.Be3 Nd7 5.Nf3 e6 6.Qd2 h6 7.h3 Ne7 8.a4 a6 9.a5 g5
10.Be2 Ng6 11.Nh2 O-O 12.O-O b5 13.axb6 cxb6 14.f4 gxf4 15.Bxf4 Nxf4 16.Rxf4 e5
17.Rg4 exd4 18.Qxh6 Qf6 19.Qh5 dxc3 20.Rf1 Qd4+ 21.Kh1 Ne5 22.Rh4 Re8 23.bxc3 Qxc3
24.Nf3 Be6 25.Ng5 Qg3 26.Bg4 Bc4 27.Rf5 Rac8 28.Rxf7 Nxf7 29.Qh7+ Kf8 30.Bxc8 Qe1+
31.Kh2 Be5+  0-1

[Event "Summer IM"]
[Site "Aarhus DEN"]
[Date "2009.07.15"]
[Round "8"]
[White "Andersen,Mad"]
[Black "Kristiansen,Jen"]
[Result "0-1"]
[WhiteElo "2336"]
[BlackElo "2435"]

1.e4 g6 2.d4 Bg7 3.Nc3 d6 4.f4 Nf6 5.Nf3 O-O 6.Bd3 Nc6 7.e5 dxe5 8.fxe5 Ne8
9.Be3 Bg4 10.Be2 f6 11.exf6 exf6 12.Qd2 Nd6 13.O-O-O Re8 14.Kb1 Nf5 15.Bc4+ Kh8
16.Bf2 Bh6 17.Qd3 Be3 18.Rdf1 Nb4 19.Qd1 Bxf2 20.Rxf2 Ne3 21.Qe2 Nexc2 22.Qd2 Ne3
23.Be2 Bf5+ 24.Kc1 Qd5 25.b3 Qa5 26.Kb2 Ng4 27.Rff1 Rxe2 28.Nxe2 Qxa2+ 29.Kc3 Nd5+
30.Kc4 Qa6+  0-1

[Event "ch-SCO"]
[Site "Edinburgh SCO"]
[Date "2009.07.15"]
[Round "5"]
[White "Green,An"]
[Black "Kleboe,J"]
[Result "1/2-1/2"]
[WhiteElo "2203"]
[BlackElo "1936"]

1.e4 g6 2.d4 Bg7 3.Nc3 d6 4.Be3 a6 5.f4 b5 6.Nf3 Bb7 7.Bd3 Nd7 8.e5 Nh6 9.Be4 Qc8
10.Qd3 O-O 11.Bxb7 Qxb7 12.Qe4 Qxe4 13.Nxe4 d5 14.Nf2 Nf5 15.Ke2 Nb6 16.b3 Nxe3
17.Kxe3 Rfc8 18.Nd3 e6 19.g4 Nd7 20.Nc5 Nxc5 21.dxc5 f6 22.Rae1 fxe5 23.Nxe5 Bxe5
24.fxe5 Kg7 25.Rhf1 Rf8 26.g5 Rf5 27.Rxf5 gxf5 28.Rd1 c6 29.Kf4 Kg6 30.Rd3 Rh8
31.Rg3 Kg7 32.h4 b4 33.c4 dxc4 34.bxc4 Rd8 35.Ke3 f4+ 36.Kxf4 Rd4+ 37.Ke3 Rxc4
38.Rg2 Rxc5 39.Kd4 Rd5+ 40.Ke4 c5 41.h5 c4 42.g6 h6 43.Rf2 Rd7 44.Rf6 Re7
45.Kd4 c3 46.Kd3 Rd7+ 47.Kc2 Rd2+ 48.Kb1 Rb2+ 49.Kc1 Rxa2 50.Rf7+ Kg8 51.Rb7 Rf2
52.Rxb4 Rf5 53.Rb8+ Kg7  1/2-1/2

[Event "1st Artemis Cup"]
[Site "Leros GRE"]
[Date "2009.07.15"]
[Round "5"]
[White "Calzetta Ruiz,M"]
[Black "Gelashvili,T"]
[Result "0-1"]
[WhiteElo "2344"]
[BlackElo "2605"]

1.e4 d6 2.d4 g6 3.Nc3 Bg7 4.Be3 a6 5.h3 Nd7 6.Nf3 b5 7.a4 b4 8.Nb1 c5 9.c3 bxc3
10.bxc3 Qa5 11.Nbd2 Qxc3 12.Rc1 Qa5 13.Bd3 cxd4 14.Bxd4 Bxd4 15.Nxd4 Ngf6
16.O-O Bb7 17.Nc4 Qd8 18.Re1 O-O 19.Bb1 Rc8 20.Qd2 Nc5 21.e5 dxe5 22.Rxe5 Ne6
23.Rxe6 fxe6 24.Qe3 Qd5 25.Qxe6+ Kh8 26.Qxd5 Nxd5 27.Ne6 Rf6 28.Ng5 Nb6 29.Ba2 Bd5  0-1

[Event "Open"]
[Site "Condom FRA"]
[Date "2009.07.16"]
[Round "7"]
[White "Cornette,M"]
[Black "Manolache,M"]
[Result "0-1"]
[WhiteElo "2578"]
[BlackElo "2479"]

1.e4 d6 2.d4 g6 3.Nc3 Bg7 4.Be3 a6 5.f4 Nf6 6.h3 O-O 7.Qf3 c6 8.g4 b5 9.e5 Nd5
10.Nxd5 cxd5 11.O-O-O Nc6 12.exd6 exd6 13.Ne2 Re8 14.Ng3 Qa5 15.Kb1 Qa4 16.b3 Qa5
17.Bd2 Qb6 18.Bc3 Bb7 19.f5 Nxd4 20.Qf2 Ne2 21.Qxb6 Nxc3+ 22.Kc1 Nxa2+ 23.Kb1 Nc3+
24.Kc1 Na2+ 25.Kb1 Nc3+ 26.Kc1 Bh6+ 27.Rd2 Re1+ 28.Kb2 Bxd2 29.Be2 Bc1+ 30.Kxc3 d4+
31.Kd3 Bxh1 32.Nxh1 Rxh1 33.Qc6 Rxh3+ 34.Bf3 Rd8  0-1

[Event "ch-SCO"]
[Site "Edinburgh SCO"]
[Date "2009.07.16"]
[Round "6"]
[White "Eggleston,D"]
[Black "Mitchell,M"]
[Result "0-1"]
[WhiteElo "2341"]
[BlackElo "2147"]

1.e4 g6 2.d4 Bg7 3.Nc3 d6 4.Be3 a6 5.Qd2 Nd7 6.h4 h5 7.Nh3 b5 8.Ng5 Bb7 9.f3 c5
10.d5 Ngf6 11.Ne2 Ne5 12.Nf4 Qc8 13.c3 Nfd7 14.Kf2 Nb6 15.b3 Bf6 16.g3 Qc7
17.Bh3 Bc8 18.Kg2 Bxh3+ 19.Nfxh3 a5 20.Rab1 b4 21.c4 a4 22.Nf2 axb3 23.axb3 Ra3
24.Rhc1 Qa7 25.f4 Ned7 26.Nd3 O-O 27.e5 dxe5 28.fxe5 Nxe5 29.Nxe5 Bxe5 30.Bxc5 Bc3
31.Qf2 Ra2 32.Rc2 Rxc2 33.Qxc2 Qb7 34.Qf2 Nc8 35.Ne4 Nd6 36.Nxd6 exd6 37.Bxd6 Re8
38.Rf1 Rd8 39.Bf4 Re8 40.Qf3 Bd4 41.Bd2 Bc5 42.Re1 Rxe1 43.Bxe1 Qe7 44.Bf2 Bxf2
45.Kxf2 Qe5 46.Qe3 Qf5+ 47.Qf3 Qc2+ 48.Ke1 Qc1+ 49.Kf2 Qd2+ 50.Qe2 Qd4+ 51.Qe3 Qd1
52.Qe8+ Kg7 53.Qe5+ Kh7 54.d6 Qd2+ 55.Kg1 Qd1+ 56.Kh2 Qc2+ 57.Kh3 Qd1 58.Qd5 Qf1+
59.Qg2 Qd3 60.c5 Qf5+ 61.Kh2 Qd3 62.Qb2 Kg8 63.Qc1 Qe2+ 64.Kg1 Qd3 65.Qe1 Kf8
66.Qe7+ Kg8 67.d7 Qxg3+ 68.Kf1 Qf3+ 69.Ke1 Qc3+ 70.Ke2 Qc2+ 71.Ke3 Qc3+ 72.Kf4 Qd4+
73.Kf3 Qd3+ 74.Kf4 Qd4+ 75.Qe4 Qxd7 76.c6 Qd6+ 77.Ke3 Qg3+ 78.Kd4 Qc3+ 79.Kd5 Qxb3+
80.Kc5 Qc3+ 81.Kb6 b3 82.c7 b2 83.Qe8+ Kg7 84.Qb5 Qc2 85.Qe5+ Kh7 86.Qb5 b1=Q  0-1

[Event "Corporation Centre Cup"]
[Site "Izhevsk RUS"]
[Date "2009.07.16"]
[Round "2"]
[White "Krutko,A"]
[Black "Kuznetsov,Vl5"]
[Result "1-0"]
[WhiteElo "2459"]
[BlackElo "2089"]

1.e4 g6 2.d4 Bg7 3.Nc3 d6 4.f4 a6 5.Nf3 b5 6.e5 Nd7 7.a4 b4 8.Ne4 Nh6 9.Bd3 O-O
10.c4 c5 11.d5 dxe5 12.fxe5 Ng4 13.e6 fxe6 14.O-O exd5 15.cxd5 Nde5 16.Nxe5 Bxe5
17.h3 Bd4+ 18.Kh1 Ne3 19.Bxe3 Bxe3 20.Qb3 Bd4 21.d6+ Kg7 22.Rxf8 Qxf8 23.Rf1 Qe8
24.Qd5 Bd7 25.Nxc5 Bxc5 26.Qxc5 exd6 27.Qxd6 Rd8 28.Qf6+  1-0

[Event "12th Open"]
[Site "Malaga ESP"]
[Date "2009.07.16"]
[Round "7"]
[White "Ramos Moreno,F"]
[Black "Cruz Alvarez de Ron,D"]
[Result "0-1"]
[WhiteElo "2103"]
[BlackElo "2284"]

1.e4 g6 2.d4 Bg7 3.Nc3 d6 4.f4 a6 5.Nf3 b5 6.Bd3 Bb7 7.O-O Nd7 8.Qe1 c5 9.dxc5 Nxc5
10.a3 Rc8 11.f5 Nf6 12.Qh4 Nxd3 13.cxd3 b4 14.axb4 Qb6+ 15.Kh1 Qxb4 16.Bh6 Bxh6
17.Qxh6 gxf5 18.Nh4 Qxb2 19.Na4 Qe2 20.Nxf5 Rc2 21.Qh3 Rg8 22.Nd4 Qxg2+ 23.Qxg2 Rcxg2
24.Rab1 Nxe4 25.dxe4 Bxe4 26.Rb8+ Kd7 27.Rxg8 Rxg8+ 28.Nf3 e5 29.Nb6+ Kc7
30.Nc4 Bd5 31.Ne3 Bc6 32.Ng2 f5 33.Kg1 f4 34.Kf2 e4 35.Nd4 e3+ 36.Nxe3 fxe3+
37.Kxe3 Re8+ 38.Kd2 Bd5 39.Rf5 Re5 40.Rf2 a5 41.Nb5+ Kc6 42.Nc3 Bc4 43.Rf6 Re6
44.Rf8 d5 45.Rc8+ Kd6 46.Kd1 a4 47.Kc1 a3 48.Ra8 d4 49.Nd1 a2 50.Kb2 Re2+
51.Ka1 Re1 52.Rd8+ Kc5 53.Rc8+ Kb5 54.Rb8+ Ka4 55.Ra8+ Kb3 56.Rb8+ Kc2 57.Rb2+ Kd3  0-1

[Event "Open"]
[Site "Rethymno GRE"]
[Date "2009.07.16"]
[Round "6"]
[White "Markidis,K"]
[Black "Stefanova,A"]
[Result "1/2-1/2"]
[WhiteElo "2334"]
[BlackElo "2535"]

1.e4 g6 2.d4 Bg7 3.Nc3 d6 4.Nf3 a6 5.a4 b6 6.Be2 Bb7 7.O-O Nd7 8.Re1 e6 9.h3 Ne7
10.Bf4 h6 11.Qd2 Kf8 12.Bc4 Kg8 13.b4 Kh7 14.b5 axb5 15.axb5 Nf6 16.Bd3 d5
17.exd5 Nfxd5 18.Nxd5 Bxd5 19.Ne5 Rf8 20.c3 Nf5 21.Qe2 Qh4 22.Qg4 Qe7 23.Nc6 Qd7
24.Ne5 Qe7 25.Nc6  1/2-1/2

[Event "IM"]
[Site "Condom FRA"]
[Date "2009.07.17"]
[Round "8"]
[White "Decoster,F"]
[Black "Nanu,C"]
[Result "1-0"]
[WhiteElo "2285"]
[BlackElo "2535"]

1.e4 g6 2.d4 Bg7 3.Nc3 d6 4.f4 Nf6 5.Nf3 O-O 6.Bd3 Nc6 7.e5 dxe5 8.fxe5 Nd7
9.Ne4 Nb4 10.Bc4 Nb6 11.Bb3 a5 12.a4 Bf5 13.Ng3 Bg4 14.c3 Na6 15.Ne4 c5 16.O-O cxd4
17.cxd4 Qd7 18.Neg5 e6 19.h3 Bxf3 20.Rxf3 Nc7 21.Ne4 Rad8 22.Be3 Nbd5 23.Bg5 Rb8
24.Qd2 b5 25.Kh1 Ne8 26.Qf2 h6 27.Qh4 f5 28.exf6 hxg5 29.fxg7 Nxg7 30.Nxg5 Nf5
31.Qe4 bxa4 32.Bxa4 Qd6 33.Bb3 Rf6 34.Qe5 Rbf8 35.Nxe6  1-0

[Event "Canadian Open"]
[Site "Edmonton CAN"]
[Date "2009.07.17"]
[Round "7"]
[White "Martchenko,A"]
[Black "Yearwood,R"]
[Result "1/2-1/2"]
[WhiteElo "2039"]
[BlackElo "2073"]

1.e4 g6 2.d4 Bg7 3.Nc3 d6 4.Be3 a6 5.Qd2 b5 6.f4 Nf6 7.Bd3 O-O 8.O-O-O Ng4
9.Nf3 Nxe3 10.Qxe3 Nd7 11.g4 c5 12.e5 cxd4 13.Nxd4 dxe5 14.Nc6 Qb6 15.Nxe7+ Kh8
16.Qh3 Nc5 17.f5 Nxd3+ 18.Rxd3 gxf5 19.Nxf5 Bxf5 20.gxf5 Rad8 21.Rf1 Qh6+
22.Kb1 Qxh3 23.Rxh3 f6 24.Ne4 Rd4 25.Nc5 Rfd8 26.a3 Rd1+ 27.Rxd1 Rxd1+ 28.Ka2 Bf8
29.Ne6 Be7 30.Rd3 Rxd3 31.cxd3 Bd6 32.h3 Kg8 33.Kb3 Kf7 34.Kc3 Ke7 35.d4 exd4+
36.Kd3 Be5 37.b3 Kd6 38.Nxd4 Bxd4 39.Kxd4 Kc6 40.a4 bxa4 41.bxa4 Kd6 42.a5 Kc6
43.Kc4 h6 44.Kd4 Kd6  1/2-1/2

[Event "XXVII Andorra Open"]
[Site "Arinsal AND"]
[Date "2009.07.18"]
[Round "1"]
[White "Lopez Martinez,Josep"]
[Black "Albets Armengol,R"]
[Result "1-0"]
[WhiteElo "2555"]
[BlackElo "2030"]

1.e4 g6 2.d4 Bg7 3.Nc3 d6 4.Be3 a6 5.a4 b6 6.f3 Bb7 7.Qd2 Nd7 8.Nh3 e6 9.Be2 Ngf6
10.O-O O-O 11.Rad1 c6 12.f4 Qc7 13.e5 Nd5 14.Nxd5 exd5 15.c3 Rae8 16.Bd3 dxe5
17.dxe5 c5 18.Ng5 f6 19.exf6 Nxf6 20.f5 gxf5 21.Bxf5 Bc8 22.Bf4 Qc6 23.Bxc8 Rxc8
24.Be5 Ne4 25.Nxe4 Bxe5 26.Rxf8+ Rxf8 27.Qxd5+ Qxd5 28.Rxd5 Re8 29.Kf2 Kg7
30.g3 Bd4+ 31.Kf3 Rf8+ 32.Ke2 Bf6 33.Rd7+ Kg8 34.Ra7 a5 35.Rb7 Re8 36.Kf3 Bd8
37.Nd6 Re6 38.Nc4 Kf8 39.Rxh7  1-0

[Event "TCh Eur-Youth U18"]
[Site "Pardubice CZE"]
[Date "2009.07.18"]
[Round "3"]
[White "Savitskiy,S"]
[Black "Pap,G"]
[Result "0-1"]
[WhiteElo "2191"]
[BlackElo "2503"]

1.e4 g6 2.d4 Bg7 3.Nc3 d6 4.f4 Nf6 5.Nf3 O-O 6.Be2 Na6 7.O-O c5 8.e5 Nd7
9.Bxa6 cxd4 10.Nxd4 bxa6 11.Qf3 Nb6 12.Be3 dxe5 13.fxe5 Qc7 14.Kh1 Bb7 15.Qg4 Qxe5
16.Rae1 Qc7 17.Bg5 e5 18.Nf5 gxf5 19.Rxf5 Kh8 20.Rf6 Nd7 21.Rf5 f6 22.Bc1 Rg8
23.Qh4 Bf8 24.Re2 Rg6 25.Rh5 Nc5 26.Be3 Qg7  0-1

[Event "Open"]
[Site "Rethymno GRE"]
[Date "2009.07.18"]
[Round "8"]
[White "Meijers,V"]
[Black "Arun,Ka"]
[Result "1/2-1/2"]
[WhiteElo "2483"]
[BlackElo "2291"]

1.d4 g6 2.e4 Bg7 3.Nc3 d6 4.Be3 a6 5.a4 b6 6.Be2 Nd7 7.Qd2 c5 8.f4 Bb7 9.Bd3 Qc7
10.Nge2 Rd8 11.O-O cxd4 12.Bxd4 Bxd4+ 13.Nxd4 Ngf6 14.Qe3 e5 15.Nb3 O-O 16.Be2 d5
17.exd5 Nxd5 18.Nxd5 Bxd5 19.Rad1 exf4 20.Qxf4 Qxf4 21.Rxf4 Bxb3 22.cxb3 Nc5
23.Rfd4 Rxd4 24.Rxd4 Nxb3 25.Rb4 Nc5 26.Rxb6 Nxa4 27.Rb7 Rc8 28.b4 Rc6 29.Ra7 Rb6
30.Bc4 Rxb4 31.Bxf7+ Kg7 32.Bc4+ Kf6 33.Bxa6 h5 34.Rc7 Rb6 35.Bd3 Rd6 36.Bc2 Nb6
37.h4 Nd5 38.Ra7 Ne3 39.Be4 Re6 40.Bf3 Nf5 41.Ra4 Rd6 42.Kh2 Rd4  1/2-1/2

[Event "Najdorf Mem Open"]
[Site "Warsaw POL"]
[Date "2009.07.18"]
[Round "1"]
[White "Zadlo,T"]
[Black "Nguyen,P"]
[Result "0-1"]
[WhiteElo "2076"]
[BlackElo "2368"]

1.e4 g6 2.d4 Bg7 3.Nc3 d6 4.Be3 a6 5.a4 Nc6 6.Nf3 Bg4 7.Be2 e5 8.dxe5 dxe5
9.Nd2 Bxe2 10.Nxe2 Nh6 11.O-O f5 12.exf5 gxf5 13.Nd4 Nxd4 14.Bxh6 Qf6 15.Bxg7 Qxg7
16.c3 Nc6 17.Qh5+ Qg6 18.Qxg6+ hxg6 19.Nc4 Kf7 20.Rad1 Rad8 21.f3 Ke6 22.a5 Rxd1
23.Rxd1 Rd8 24.Rxd8 Nxd8 25.Kf2 Kd5 26.b3 Ne6 27.Ke3 Nc5 28.Nd2 b6 29.c4+ Kc6
30.axb6 cxb6 31.f4 e4 32.h3 Ne6 33.b4 a5 34.g4 axb4 35.gxf5 gxf5  0-1

[Event "ch-SCO"]
[Site "Edinburgh SCO"]
[Date "2009.07.19"]
[Round "9"]
[White "White,Mi"]
[Black "Motwani,P"]
[Result "0-1"]
[WhiteElo "2259"]
[BlackElo "2503"]

1.e4 g6 2.d4 Bg7 3.Nc3 d6 4.Be2 Nd7 5.Be3 a6 6.f4 e6 7.Bf3 Rb8 8.a4 b6 9.Nge2 Bb7
10.O-O Ne7 11.Qb1 c5 12.Qa2 Qc7 13.dxc5 bxc5 14.Rad1 O-O 15.Rd2 Nf6 16.Qa3 Rfc8
17.a5 d5 18.exd5 Nfxd5 19.Bf2 Nxc3 20.Nxc3 Bxf3 21.gxf3 Qxf4 22.Rd7 Nf5 23.Bxc5 Be5
24.Rf2 Bxc3 25.Qxc3 Qg5+  0-1

[Event "ch-SCO"]
[Site "Edinburgh SCO"]
[Date "2009.07.19"]
[Round "9"]
[White "Green,An"]
[Black "McNab,C"]
[Result "0-1"]
[WhiteElo "2203"]
[BlackElo "2474"]

1.e4 g6 2.d4 d6 3.Nc3 Bg7 4.Be3 Nf6 5.Qd2 c6 6.f3 b5 7.g4 Qa5 8.Nge2 h5 9.g5 Nfd7
10.a3 Qc7 11.Bg2 Nb6 12.b3 N8d7 13.O-O Bb7 14.f4 a6 15.f5 gxf5 16.exf5 O-O-O
17.Nf4 c5 18.Bd5 cxd4 19.Bxd4 Bxd4+ 20.Qxd4 Ne5 21.Bxb7+ Qxb7 22.Ncd5 Nxd5
23.Nxd5 e6 24.fxe6 fxe6 25.Qc3+ Kb8 26.Nf4 Rc8 27.Qd4 Nf3+ 28.Rxf3 Qxf3 29.Qxd6+ Kb7
30.Rf1 Qe3+ 31.Kh1 Rhf8 32.Qe7+ Kc6  0-1

[Event "1st Artemis Cup"]
[Site "Leros GRE"]
[Date "2009.07.19"]
[Round "9"]
[White "Muhren,W"]
[Black "Kotrotsos,V"]
[Result "1/2-1/2"]
[WhiteElo "2188"]
[BlackElo "2359"]

1.e4 g6 2.d4 Bg7 3.Nc3 d6 4.Be3 a6 5.Qd2 Nd7 6.h4 h5 7.Nh3 b5 8.Ng5 Bb7 9.f3 Rc8
10.a4 b4 11.Bc4 e6 12.Ne2 c5 13.Nf4 cxd4 14.Bxd4 Bxd4 15.Qxd4 Qf6 16.Qxf6 Ngxf6
17.Bd3 Ke7 18.Ngxe6 fxe6 19.Nxg6+ Kf7 20.Nxh8+ Rxh8 21.a5 Nc5 22.O-O-O Ke7
23.Rd2 Rc8 24.Kb1 e5 25.Rc1 Bc6 26.Be2 Bd7 27.Rcd1 Rc6 28.b3 Nb7 29.Kb2 Nxa5
30.Ra1 Rc5 31.Bxa6 Nc6 32.Bc4 Be6 33.c3 Bxc4 34.cxb4 Nxb4 35.bxc4 Nc6 36.Kc3 Nd4
37.Rb2 Rc7 38.Ra6 d5 39.exd5 Nxd5+ 40.Kd3 Nf6 41.Rba2 Nc6 42.Ke3 Kd6 43.Ra8 e4
44.Rd2+ Ke5 45.fxe4 Ng4+ 46.Ke2 Kxe4 47.Re8+ Nce5 48.Rh8 Nxc4 49.Rc2 Rc5
50.g3 Nf6 51.Rf8 Kf5 52.Kf2 Rc6 53.Kg2 Ke5  1/2-1/2

[Event "Open"]
[Site "Rethymno GRE"]
[Date "2009.07.19"]
[Round "9"]
[White "Gaponenko,I"]
[Black "Townsend,M"]
[Result "1-0"]
[WhiteElo "2428"]
[BlackElo "2183"]

1.e4 g6 2.d4 Bg7 3.Nc3 d6 4.f4 a6 5.Nf3 b5 6.Bd3 Nd7 7.e5 Bb7 8.Qe2 Nh6 9.h4 c5
10.e6 fxe6 11.Ng5 Bxd4 12.Nxe6 Qb6 13.f5 c4 14.Be4 Bxc3+ 15.bxc3 d5 16.Be3 Qa5
17.Bxh6 dxe4 18.O-O Nf6 19.Qe3 Bd5 20.Qc5 Kf7 21.Ng5+ Kg8 22.fxg6  1-0

[Event "MTO"]
[Site "Biel SUI"]
[Date "2009.07.20"]
[Round "1"]
[White "Martinez,Vin"]
[Black "Novikov,St1"]
[Result "0-1"]
[WhiteElo "2121"]
[BlackElo "2540"]

1.e4 g6 2.d4 Bg7 3.Nc3 d6 4.Be3 a6 5.a4 Nc6 6.h3 Bd7 7.Nge2 e5 8.Qd2 Nf6
9.g4 exd4 10.Nxd4 O-O 11.Bg2 Ne5 12.b3 b5 13.O-O c5 14.Nde2 b4 15.Nd5 Nxd5
16.exd5 f5 17.g5 f4 18.Bxf4 Bxh3 19.Bxe5 Bxg2 20.Bxg7 Bxf1 21.Bxf8 Bxe2 22.Bh6 Qe7
23.Re1 Re8 24.c3 Qe4 25.cxb4 Qg4+ 26.Kh2 Re4 27.f4 Qh5+ 28.Kg3 Qf3+  0-1

[Event "32nd Taminco Open"]
[Site "Ghent BEL"]
[Date "2009.07.20"]
[Round "6"]
[White "Kovchan,A"]
[Black "Sowray,P"]
[Result "1-0"]
[WhiteElo "2554"]
[BlackElo "2335"]

1.e4 g6 2.d4 Bg7 3.Nc3 d6 4.f4 e6 5.Nf3 Ne7 6.Be3 Nd7 7.Qd2 Nf6 8.O-O-O b6
9.Bb5+ c6 10.Bd3 O-O 11.h3 c5 12.Rhf1 Bb7 13.f5 c4 14.Bxc4 d5 15.e5 dxc4
16.exf6 Bxf6 17.fxe6 fxe6 18.Bh6 Re8 19.g4 Nd5 20.Ne5 Nxc3 21.Qxc3 Bd5 22.Kb1 Rc8
23.Qe3 c3 24.Qf4 Bxe5 25.Qf7+ Kh8 26.dxe5 Rg8 27.g5 Qc7 28.Qf6+ Rg7 29.Rd3 cxb2
30.Rc3  1-0

[Event "32nd Taminco Open"]
[Site "Ghent BEL"]
[Date "2009.07.21"]
[Round "7"]
[White "Docx,S"]
[Black "Gryson,W"]
[Result "1-0"]
[WhiteElo "2384"]
[BlackElo "2145"]

1.e4 g6 2.d4 Bg7 3.Nc3 d6 4.Bg5 a6 5.f4 b5 6.Nf3 Nd7 7.Bd3 c5 8.e5 cxd4 9.Ne4 Qa5+
10.Kf2 dxe5 11.fxe5 Nh6 12.Re1 O-O 13.Bxe7 Re8 14.Nf6+ Nxf6 15.exf6 Ng4+
16.Kg1 Bh6 17.Be4 Ra7 18.h3 Ne3 19.Qxd4 Rd7 20.Qc5 Rc7 21.b4 Rxc5 22.bxa5 Rxc2
23.Ne5 Be6 24.Bc6 Rc8 25.Bb7 R8c7 26.Bf3 Nf5 27.Ng4 Bxa2 28.Be4 Rc1 29.h4  1-0

[Event "XXVII Andorra Open"]
[Site "Arinsal AND"]
[Date "2009.07.22"]
[Round "5"]
[White "Balogh,C"]
[Black "Movsziszian,K"]
[Result "1-0"]
[WhiteElo "2595"]
[BlackElo "2570"]

1.e4 g6 2.d4 Bg7 3.Nc3 d6 4.Be3 a6 5.a4 Nc6 6.f4 Nf6 7.Nf3 Bg4 8.Be2 O-O
9.O-O e5 10.fxe5 dxe5 11.d5 Bxf3 12.Bxf3 Nd4 13.Nb1 c6 14.dxc6 bxc6 15.Nd2 Qe7
16.c3 Nxf3+ 17.Qxf3 Nd7 18.b4 Qe6 19.Qe2 Rfd8 20.Qc4 Re8 21.Qxe6 Rxe6 22.Rfd1 Bf8
23.Kf2 f5 24.exf5 gxf5 25.Ne4 Nf6 26.Nxf6+ Rxf6 27.Rd7 Rf7 28.Rad1 a5 29.Rd8 Ra6
30.b5 cxb5 31.axb5 Raf6 32.R1d5 f4 33.Bc5 Re6 34.b6  1-0

[Event "32nd Taminco Open"]
[Site "Ghent BEL"]
[Date "2009.07.22"]
[Round "9"]
[White "Willemsma,A"]
[Black "Gryson,W"]
[Result "1-0"]
[WhiteElo "2073"]
[BlackElo "2145"]

1.e4 g6 2.d4 Bg7 3.Nc3 d6 4.Be3 a6 5.a4 Nf6 6.Be2 O-O 7.Qd2 Nc6 8.d5 Nb4
9.a5 c5 10.dxc6 Nxc6 11.Bb6 Qe8 12.Nf3 Bg4 13.O-O Rc8 14.h3 Bxf3 15.Bxf3 Nd7
16.Be3 Qd8 17.Nd5 Nc5 18.Nb6 Rb8 19.Ra2 Ne5 20.b4 Nxf3+ 21.gxf3 Nd7 22.c4 Nxb6
23.Bxb6 Qc8 24.Kh2 Qxc4 25.Rc1 Qe6 26.Rac2 Qf6 27.Kg2 Qh4 28.Be3 Qh5 29.Rc7 Rfe8
30.R1c2 Qb5 31.Ba7 Ra8 32.Bb6 Qh5 33.Rxb7 Bh6 34.Be3 Bxe3 35.Qxe3 Qe5 36.f4 Qe6
37.Rcc7 Rac8 38.b5 Rxc7 39.Rxc7 axb5 40.a6 d5 41.a7 Qd6 42.Rb7 Ra8 43.exd5 Qxd5+
44.Qf3 Qxf3+ 45.Kxf3 Kg7 46.Ke4 b4 47.Kd4 Kh6 48.Rxe7  1-0

[Event "2nd Open"]
[Site "Paleohora GRE"]
[Date "2009.07.22"]
[Round "3"]
[White "Sandalakis,A"]
[Black "Moradiabadi,E"]
[Result "1/2-1/2"]
[WhiteElo "2350"]
[BlackElo "2542"]

1.e4 d6 2.d4 g6 3.Nc3 Bg7 4.Be3 a6 5.a4 Nc6 6.h3 Nf6 7.Nf3 O-O 8.Be2 e5 9.dxe5 Nxe5
10.Nxe5 dxe5 11.Qxd8 Rxd8 12.Bc4 Bd7 13.Ke2 Bc6 14.f3 Bf8 15.Rhd1 Kg7 16.Bb3 Be7
17.Rxd8 Rxd8 18.Rd1 Rxd1 19.Kxd1 Bd7 20.Nd5 Nxd5 21.Bxd5 b6 22.Bb7 a5 23.b3 h6
24.Ke2 Bg5 25.Bf2 Kf8  1/2-1/2

[Event "Synthesia Rapid Open"]
[Site "Pardubice CZE"]
[Date "2009.07.22"]
[Round "1"]
[White "Maslak,K"]
[Black "Kuzmin,Gen"]
[Result "1-0"]
[WhiteElo "2545"]
[BlackElo "2430"]

1.e4 g6 2.d4 Bg7 3.Nc3 d6 4.f4 Nc6 5.Be3 Nf6 6.Be2 O-O 7.d5 Nb8 8.g4 c6 9.g5 Ne8
10.Nf3 cxd5 11.exd5 e5 12.dxe6 fxe6 13.Qd2 Qa5 14.h4 Bxc3 15.bxc3 Ng7 16.Nd4 e5
17.Nb3 Qc7 18.h5 gxh5 19.O-O-O Nc6 20.Rdg1 Bf5 21.Bd3 Rac8 22.Bxf5 Rxf5 23.g6 h6
24.fxe5 Nxe5 25.Bd4 Nf3 26.Qxh6  1-0

[Event "XXXV d'Esca Open"]
[Site "Sitges ESP"]
[Date "2009.07.22"]
[Round "1"]
[White "Aalbersberg Kroon,P"]
[Black "Martinez Duany,L"]
[Result "0-1"]
[WhiteElo "1977"]
[BlackElo "2507"]

1.e4 g6 2.d4 Bg7 3.Nc3 d6 4.Nf3 Bg4 5.Be2 Nc6 6.Be3 Nf6 7.h3 Bxf3 8.gxf3 O-O
9.f4 e6 10.h4 d5 11.e5 Nd7 12.f5 exf5 13.Qd2 Ndxe5 14.Bg5 f6 15.dxe5 fxg5
16.hxg5 Nxe5 17.O-O-O c6 18.Qf4 Rf7 19.Rh4 Nd7 20.Rdh1 Nf8 21.Qg3 Qe7 22.f4 Re8
23.Bd1 Qe3+ 24.Qxe3 Rxe3 25.Ne2 Rfe7 26.R4h2 b5 27.c3 c5 28.Kd2 c4  0-1

[Event "Najdorf Mem Open"]
[Site "Warsaw POL"]
[Date "2009.07.22"]
[Round "5"]
[White "Weichhold,P"]
[Black "Mucha,R"]
[Result "1-0"]
[WhiteElo "2082"]
[BlackElo "2176"]

1.e4 g6 2.Nc3 Bg7 3.d4 d6 4.Bg5 Nc6 5.d5 Nb8 6.Qd2 c5 7.a4 Na6 8.Bc4 Nc7
9.Nge2 b6 10.O-O h6 11.Be3 Nf6 12.f3 a6 13.Rad1 Rb8 14.Ba2 Nd7 15.f4 b5 16.e5 Nb6
17.e6 f5 18.a5 Nc4 19.Bxc4 bxc4 20.Na4 Na8 21.Qe1 O-O 22.Bd2 Rb5 23.Bc3 Bxc3
24.Naxc3 Rxa5 25.Rf3 Kg7 26.Qh4 Nb6 27.g4 Bb7 28.Rh3 Rh8 29.gxf5 Kf8 30.Kf2 Qe8
31.Rg3 g5 32.Rxg5  1-0